| 000 | 00430cam a22001217a 4500 | ||
|---|---|---|---|
| 008 | 180718bn.d. xxu||||| |||| 00| 0 eng d | ||
| 082 | _aD49x54 M314p | ||
| 100 | _aMankekar, D.R. | ||
| 245 |
_aPakistan cut to size: the authentic story of the 14-day Indo-Pak war told for the first time by the veteran writer _cby D.R. Mankekar |
||
| 260 |
_aNew Delhi _bIndian Bk. _cn.d. |
||
| 300 | _a175p. | ||
| 650 | _aIndia-Pakistan Conflict, 1971 | ||
| 999 |
_c349855 _d349855 |
||